| 000 | 00379nam a2200145Ia 4500 | ||
|---|---|---|---|
| 008 | 151213s9999 xx 000 0 und d | ||
| 100 | _aMarcus Cunliffe | ||
| 245 |
_aThe Literature Of The United State _cMarcus Cunliffe |
||
| 260 |
_aMiddosey _bPenguin Book _c1954 |
||
| 300 | _a3530 p. | ||
| 650 | _aEnglish | ||
| 650 | _aEnglish | ||
| 700 | _aMarcus Cunliffe | ||
| 999 |
_c2337 _d2337 |
||